Pokemon with Gigantamax Forms - Statistics

General Stats
  • This quiz has been taken 43 times
  • The average score is 23 of 33
Answer Stats
Type Answer % Correct
Electric Pikachu
97%
Fire/Flying Charizard
94%
Water Blastoise
91%
Grass/Poison Venusaur
88%
Ghost/Poison Gengar
85%
Bug/Flying Butterfree
82%
Water/Ice Lapras
82%
Normal Eevee
79%
Fighting Machamp
79%
Fire Cinderace
76%
Normal Meowth
73%
Fighting/Water Urshifu (Rapid Strike)
73%
Fighting/Dark Urshifu (Single Strike)
73%
Flying/Steel Corviknight
70%
Bug/Fire Centiskorch
67%
Water Inteleon
67%
Bug/Psychic Orbeetle
67%
Grass Rillaboom
67%
Normal Snorlax
67%
Poison/Electric Toxtricity
67%
Rock/Fire Coalossal
64%
Water/Rock Drednaw
64%
Grass/Dragon Flapple
64%
Grass/Dragon Appletun
61%
Steel/Dragon Duraludon
61%
Poison Garbodor
61%
Dark/Fairy Grimmsnarl
61%
Fairy Alcremie
58%
Steel Melmetal
58%
ground Sandaconda
58%
Steel Copperajah
52%
Psychic/Fairy Hatterene
52%
Water Kingler
52%
No matching quizzes found
Score Distribution
Percent of People with Each Score
Percentile by Number Answered
Your Score History
You have not taken this quiz